Normal view
MARC view
Entry Topical Term
001 - CONTROL NUMBER
- control field: 3371
003 - CONTROL NUMBER IDENTIFIER
- control field: BD-RjUL
005 - DATE AND TIME OF LATEST TRANSACTION
- control field: 20220602113010.0
008 - FIXED-LENGTH DATA ELEMENTS
- fixed length control field: 220602|| aca||aabn | a|a d
040 ## - CATALOGING SOURCE
- Original cataloging agency: BD-RjUL
- Transcribing agency: BD-RjUL
150 ## - HEADING--TOPICAL TERM
- Topical term or geographic name entry element: Santal (South Asian people)
- Geographic subdivision: Bangladesh
- Geographic subdivision: Barind Region
- General subdivision: Economic conditions
670 ## - SOURCE DATA FOUND
- Source citation: Work cat.: (BD-RjUL)79453: Kabir, Md. Arafat 1574, Role of modernization process in the life style of Santal community in Bangladesh :, 2011